[Event "BAN-ch U20"]
[Site "Dhaka"]
[Date "2022.02.22"]
[Round "8"]
[White "Souradip, Datta"]
[Black "Mohammed, Sagar Ullah"]
[Result "0-1"]
[WhiteElo "1198"]
[BlackElo "1924"]
[PlyCount "106"]
[EventDate "2022.02.15"]
[EventType "swiss"]
[EventRounds "9"]
[EventCountry "BAN"]
[SourceTitle "CBM 207 Extra"]
[Source "ChessBase"]
[SourceDate "2022.05.31"]
[SourceVersion "1"]
[SourceVersionDate "2022.05.31"]
[SourceQuality "1"]

1. e4 e5 2. Nf3 Nc6 3. Bc4 Be7 4. c3 Nf6 5. d3 d6 6. h3 h6 7. Nbd2 a6 8. a4 Be6 9. Bxe6 fxe6 10. Nc4 0-0 11. Ne3 Nh7 12. 0-0 Qe8 13. b4 Qg6 14. Ng4 Rf7 15. Be3 Raf8 16. Nd2 Bg5 17. Qe2 Bf4 18. Kh1 Nb8 19. Nh2 h5 20. Nhf3 Nd7 21. Nh4 Qh6 22. Bxf4 Rxf4 23. Nhf3 g5 24. g3 R4f7 25. Qe3 Qg7 26. Nh2 b6 27. Rab1 Kh8 28. c4 Qf6 29. Ra1 Rb8 30. Rab1 Rff8 31. Kg2 Qg7 32. Kg1 Qe7 33. Kg2 Ra8 34. Nb3 Rab8 35. Nd2 Ndf6 36. Ndf3 Qg7 37. Nd2 Nd7 38. Ndf3 Rfd8 39. Rfc1 c5 40. bxc5 Nxc5 41. Rb4 a5 42. Rb5 Nxa4 43. d4 g4 44. hxg4 hxg4 45. Nxg4 Qxg4 46. dxe5 Nc5 47. exd6 Rxd6 48. Ne5 Qg7 49. Qc3 Kg8 50. Qb2 Nxe4 51. c5 Rd2 52. Qa1 Qxg3+ 53. Kh1 Nxf2# 0-1

[Event "BAN-chB 46th"]
[Site "Dhaka"]
[Date "2021.12.19"]
[Round "5"]
[White "Kutubuddin"]
[Black "Mohammed, Sagar Ullah"]
[Result "0-1"]
[WhiteElo "1885"]
[BlackElo "1659"]
[PlyCount "86"]
[EventDate "2021.12.15"]
[EventType "swiss"]
[EventRounds "9"]
[EventCountry "BAN"]
[SourceTitle "CBM 206 Extra"]
[Source "ChessBase"]
[SourceDate "2022.03.31"]
[SourceVersion "1"]
[SourceVersionDate "2022.03.31"]
[SourceQuality "1"]

1. d4 d5 2. Nf3 c6 3. Bf4 Bf5 4. e3 Nf6 5. Bd3 Bg6 6. Ne5 Bxd3 7. Qxd3 Nbd7 8. Nd2 e6 9. c3 Nxe5 10. Bxe5 Bd6 11. Bxd6 Qxd6 12. 0-0 0-0 13. e4 dxe4 14. Nxe4 Nxe4 15. Qxe4 Rad8 16. Rfe1 Rfe8 17. Re3 Qd5 18. Qc2 Qg5 19. Rae1 Rd5 20. Rg3 Qf6 21. Rf3 Qh6 22. Rh3 Rh5 23. Ree3 g6 24. Rxh5 Qxh5 25. Rh3 Qg5 26. Rg3 Qh5 27. Rh3 Qg5 28. Rg3 Qh5 29. Rf3 Rd8 30. Qb3 Rd7 31. h3 Qg5 32. a4 Qd2 33. a5 a6 34. Qb6 Qg5 35. b4 e5 36. dxe5 Qxe5 37. g4 Qe1+ 38. Kg2 Rd1 39. Kg3 g5 40. Rf5 Qg1+ 41. Kf3 Qh1+ 42. Ke2 Qf1+ 43. Ke3 Qd3# 0-1

[Event "BAN-chB 46th"]
[Site "Dhaka"]
[Date "2021.12.16"]
[Round "2"]
[White "Mohammed, Sagar Ullah"]
[Black "Md Abzid, Rahman"]
[Result "0-1"]
[WhiteElo "1659"]
[BlackElo "2107"]
[PlyCount "108"]
[EventDate "2021.12.15"]
[EventType "swiss"]
[EventRounds "9"]
[EventCountry "BAN"]
[SourceTitle "CBM 206 Extra"]
[Source "ChessBase"]
[SourceDate "2022.03.31"]
[SourceVersion "1"]
[SourceVersionDate "2022.03.31"]
[SourceQuality "1"]

1. e4 Nf6 2. Bc4 d5 3. exd5 Nxd5 4. Nf3 Bg4 5. Nc3 c6 6. d4 e6 7. Nxd5 cxd5 8. Bd3 Nc6 9. c3 Bd6 10. 0-0 Qc7 11. h3 Bh5 12. a4 a6 13. Be2 0-0 14. Re1 Na5 15. Ne5 Bxe2 16. Rxe2 Nc4 17. Nxc4 Qxc4 18. Re1 Rae8 19. Qg4 f5 20. Qf3 f4 21. Qg4 Rf6 22. Qe2 Qb3 23. f3 e5 24. dxe5 Rxe5 25. Qd1 Bc5+ 26. Kh1 Rfe6 27. Bd2 Rxe1+ 28. Bxe1 Qc4 29. Bd2 Bf2 30. Qf1 Bg3 31. Qxc4 dxc4 32. Rd1 Rd6 33. Kg1 Kf7 34. Kf1 g5 35. Ke2 Kg6 36. Be1 Rxd1 37. Kxd1 Bxe1 38. Kxe1 Kf5 39. Kd2 h5 40. Kc2 g4 41. h4 gxf3 42. gxf3 Ke5 43. Kb1 Kd5 44. Ka2 Kc6 45. Ka3 Kc5 46. Ka2 Kb6 47. Ka3 Ka5 48. b4+ cxb3 49. Kxb3 b5 50. c4 bxa4+ 51. Ka3 Kb6 52. Kb4 a3 53. Kxa3 Kc5 54. Kb3 a5 0-1